[Event "SVK-chT2D 2223"]
[Site "Slovakia"]
[Date "2022.10.08"]
[Round "1.4"]
[White "Goban, Marek"]
[Black "Panko, Radoslav"]
[Result "1/2-1/2"]
[WhiteElo "2024"]
[BlackElo "1972"]
[PlyCount "27"]
[EventDate "2022.10.08"]
[EventType "team-tourn"]
[EventRounds "11"]
[EventCountry "SVK"]
[SourceTitle "EXT 2024"]
[Source "ChessBase"]
[SourceDate "2023.10.10"]
[SourceVersion "1"]
[SourceVersionDate "2023.10.10"]
[SourceQuality "1"]
[WhiteTeam "Presov Tatran Dason"]
[BlackTeam "Stropkov/Svidnik"]
[WhiteTeamCountry "SVK"]
[BlackTeamCountry "SVK"]

1. e4 e6 2. d3 d5 3. Nd2 Nf6 4. g3 Nc6 5. Ngf3 e5 6. exd5 Nxd5 7. Bg2 Bg4 8. h3 Be6 9. 0-0 Qd7 10. Kh2 0-0-0 11. Ne4 h6 12. Re1 g5 13. Nc3 Bg7 14. Bd2 1/2-1/2

[Event "SVK-chT2D 2122"]
[Site "Slovakia"]
[Date "2022.03.26"]
[Round "8.1"]
[White "Manik, Mikulas"]
[Black "Goban, Marek"]
[Result "1-0"]
[WhiteElo "2367"]
[BlackElo "2034"]
[PlyCount "71"]
[EventDate "2021.10.16"]
[EventType "team-tourn"]
[EventRounds "11"]
[EventCountry "SVK"]
[SourceTitle "EXT 2023"]
[Source "ChessBase"]
[SourceDate "2022.10.05"]
[SourceVersion "1"]
[SourceVersionDate "2022.10.05"]
[SourceQuality "1"]
[WhiteTeam "Kosice 1 CC"]
[BlackTeam "Presov Tatran Dason"]
[WhiteTeamCountry "SVK"]
[BlackTeamCountry "SVK"]

1. e4 d5 2. exd5 Qxd5 3. Nc3 Qd8 4. d4 Nf6 5. Nf3 Bg4 6. h3 Bxf3 7. Qxf3 c6 8. g4 e6 9. g5 Nd5 10. Ne4 Nb4 11. Qe2 Be7 12. a3 Nd5 13. c4 Nc7 14. Bf4 0-0 15. Rg1 Ne8 16. Rd1 Nd7 17. h4 Qa5+ 18. Bd2 Qc7 19. h5 Nd6 20. g6 Nf5 21. Bc3 f6 22. d5 exd5 23. cxd5 Nc5 24. Nxc5 Bxc5 25. Qe6+ Kh8 26. Qxf5 Rae8+ 27. Be2 Qh2 28. Rf1 Re5 29. Bxe5 fxe5 30. Qe4 Bxf2+ 31. Kd2 cxd5 32. Qxd5 Rc8 33. Qf3 Bc5 34. Kc2 Bxa3+ 35. Kb1 Be7 36. Qxb7 1-0

[Event "SVK-chT2D 2122"]
[Site "Slovakia"]
[Date "2022.02.12"]
[Round "5.1"]
[White "Goban, Marek"]
[Black "Mrozowski, Patryk"]
[Result "1/2-1/2"]
[WhiteElo "2034"]
[BlackElo "2143"]
[PlyCount "109"]
[EventDate "2021.10.16"]
[EventType "team-tourn"]
[EventRounds "11"]
[EventCountry "SVK"]
[SourceTitle "EXT 2023"]
[Source "ChessBase"]
[SourceDate "2022.10.05"]
[SourceVersion "1"]
[SourceVersionDate "2022.10.05"]
[SourceQuality "1"]
[WhiteTeam "Presov Tatran Dason"]
[BlackTeam "Stropkov/Svidnik"]
[WhiteTeamCountry "SVK"]
[BlackTeamCountry "SVK"]

1. Nf3 c5 2. c4 Nc6 3. Nc3 Nf6 4. e4 d6 5. Be2 e5 6. 0-0 h6 7. d3 g5 8. Nd5 Bg7 9. Ne1 Nd4 10. Nxf6+ Bxf6 11. Bg4 Be6 12. Bxe6 fxe6 13. Nc2 Nxc2 14. Qxc2 Qd7 15. Rb1 Bd8 16. Be3 a5 17. b3 b5 18. cxb5 Qxb5 19. a3 Rh7 20. Qc4 Qxc4 21. bxc4 a4 22. Rb5 Kd7 23. Rb7+ Bc7 24. Rfb1 Rhh8 25. f3 Kc6 26. Kf2 Rhg8 27. R7b5 h5 28. Kg1 Rg7 29. R1b2 Rg6 30. Rb1 Rag8 31. R1b2 Rf8 32. Rf2 Bb6 33. Rfb2 Bc7 34. Rf2 Ra8 35. Rfb2 Rgg8 36. Rb1 Ba5 37. R1b2 g4 38. fxg4 hxg4 39. Bd2 Bc7 40. Be3 Rg7 41. Rb1 Rh7 42. Bf2 Rf7 43. Be3 Rh8 44. Bf2 Rhf8 45. Be3 Rh7 46. Bf2 Rfh8 47. Bg3 Rf7 48. Bf2 Ra8 49. Be3 Raf8 50. R5b2 Rh8 51. Bf2 Rfh7 52. Bg3 Rf7 53. Bf2 Ba5 54. Rb5 Ra8 55. Be3 1/2-1/2

[Event "SVK-ch Amateurs"]
[Site "Topolcany"]
[Date "2021.08.07"]
[Round "3"]
[White "Shevchenko, Danylo"]
[Black "Goban, Marek"]
[Result "1-0"]
[WhiteElo "2170"]
[BlackElo "2112"]
[PlyCount "61"]
[EventDate "2021.08.06"]
[EventType "swiss"]
[EventRounds "7"]
[EventCountry "SVK"]
[SourceTitle "EXT 2022"]
[Source "ChessBase"]
[SourceDate "2021.10.06"]
[SourceVersion "1"]
[SourceVersionDate "2021.10.06"]
[SourceQuality "1"]

1. e4 c6 2. d4 d5 3. f3 Qb6 4. Nc3 dxe4 5. fxe4 e5 6. dxe5 Bc5 7. Qf3 Be6 8. Qg3 g6 9. Bd2 Qc7 10. 0-0-0 Nd7 11. Nf3 b5 12. Ng5 Nf8 13. Nxb5 cxb5 14. Bxb5+ Bd7 15. e6 Bd6 16. exd7+ Nxd7 17. Qb3 Nh6 18. Ne6 fxe6 19. Qxe6+ Be7 20. Bxh6 0-0-0 21. Qxe7 Nc5 22. Qxc7+ Kxc7 23. Be3 Nxe4 24. Bxa7 Nd6 25. Be2 Ra8 26. Bd4 Rhe8 27. Bf3 Rxa2 28. Kb1 Ra4 29. Bb6+ Kxb6 30. Rxd6+ Kc7 31. Rc6+ 1-0

[Event "SVK-chT1E 1920"]
[Site "Slovakia"]
[Date "2020.06.21"]
[Round "11.2"]
[White "Brhel, Jan"]
[Black "Goban, Marek"]
[Result "1/2-1/2"]
[WhiteElo "2042"]
[BlackElo "2112"]
[PlyCount "27"]
[EventDate "2019.10.12"]
[EventType "team-tourn"]
[EventRounds "11"]
[EventCountry "SVK"]
[SourceTitle "EXT 2022"]
[Source "ChessBase"]
[SourceDate "2021.10.06"]
[SourceVersion "1"]
[SourceVersionDate "2021.10.06"]
[SourceQuality "1"]
[WhiteTeam "Kysucke Nove Mesto"]
[BlackTeam "Sabinov"]
[WhiteTeamCountry "SVK"]
[BlackTeamCountry "SVK"]

1. d4 Nf6 2. c4 g6 3. Nc3 d5 4. cxd5 Nxd5 5. e4 Nxc3 6. bxc3 Bg7 7. Bc4 c5 8. Ne2 Nc6 9. Be3 cxd4 10. cxd4 Qa5+ 11. Qd2 Qxd2+ 12. Kxd2 0-0 13. Rhd1 Rd8 14. Rac1 1/2-1/2

[Event "SVK-chT1E 1920"]
[Site "Slovakia"]
[Date "2020.06.20"]
[Round "10.2"]
[White "Goban, Marek"]
[Black "Likavsky, Tomas"]
[Result "0-1"]
[WhiteElo "2112"]
[BlackElo "2415"]
[PlyCount "134"]
[EventDate "2019.10.12"]
[EventType "team-tourn"]
[EventRounds "11"]
[EventCountry "SVK"]
[SourceTitle "EXT 2022"]
[Source "ChessBase"]
[SourceDate "2021.10.06"]
[SourceVersion "1"]
[SourceVersionDate "2021.10.06"]
[SourceQuality "1"]
[WhiteTeam "Sabinov"]
[BlackTeam "Dunajov Inbest II"]
[WhiteTeamCountry "SVK"]
[BlackTeamCountry "SVK"]

1. Nf3 g6 2. g3 Bg7 3. d4 d6 4. Bg2 Nd7 5. 0-0 e5 6. Nc3 Ngf6 7. e4 0-0 8. dxe5 dxe5 9. h3 b6 10. Be3 Bb7 11. Nd2 Re8 12. f4 exf4 13. gxf4 Nc5 14. e5 Bxg2 15. Kxg2 Nd5 16. Nxd5 Qxd5+ 17. Qf3 Rad8 18. Qxd5 Rxd5 19. Kf3 f6 20. c4 Rdd8 21. Ne4 fxe5 22. Nxc5 exf4 23. Bxf4 bxc5 24. Rad1 Bxb2 25. Bxc7 Rd4 26. Rxd4 Bxd4 27. Rb1 Re3+ 28. Kg4 Ra3 29. Rb8+ Kf7 30. Rb7 Ke6 31. Bb8 a5 32. Rxh7 Rxa2 33. Rh6 Kf6 34. Rh7 a4 35. Ra7 a3 36. Ra6+ Kf7 37. Ra7+ Ke6 38. Ra6+ Kd7 39. Bg3 g5 40. Kxg5 Be3+ 41. Kg4 Bc1 42. h4 Rc2 43. h5 Rxc4+ 44. Kf5 Rc3 45. Kg4 Rc4+ 46. Kf3 Rc3+ 47. Kg4 Re3 48. Bf2 Re6 49. Ra7+ Kc6 50. Ra5 Re4+ 51. Kf3 Re5 52. h6 Bb2 53. h7 Rh5 54. Ke2 Kb6 55. Ra8 Rxh7 56. Kd3 Rh2 57. Be1 Rg2 58. Ra4 Kb5 59. Ra5+ Kc6 60. Ra8 Rg4 61. Ra6+ Kd5 62. Ra5 Rf4 63. Bd2 Rf3+ 64. Kc2 Kd4 65. Ra8 Rf2 66. Rd8+ Kc4 67. Rg8 Rxd2+ 0-1

[Event "Kouty nad Desnou Losin Kapor op"]
[Site "Kouty nad Desnou"]
[Date "2019.12.14"]
[Round "2"]
[White "Zilka, Stepan"]
[Black "Goban, Marek"]
[Result "1-0"]
[WhiteElo "2548"]
[BlackElo "2123"]
[PlyCount "89"]
[EventDate "2019.12.14"]
[EventType "swiss (rapid)"]
[EventRounds "9"]
[EventCountry "CZE"]
[SourceTitle "CBM 193 Extra"]
[Source "ChessBase"]
[SourceDate "2020.01.31"]
[SourceVersion "1"]
[SourceVersionDate "2020.01.31"]
[SourceQuality "1"]

1. e4 g6 2. d4 Bg7 3. Nc3 d6 4. Be3 a6 5. Qd2 b5 6. a3 Bb7 7. Nf3 Nd7 8. h3 h5 9. Be2 c5 10. 0-0 cxd4 11. Bxd4 Ngf6 12. Ng5 0-0 13. f4 e5 14. Be3 exf4 15. Bxf4 Ne5 16. Rad1 Ne8 17. Nd5 Rc8 18. c3 Rc6 19. Nb4 Rc7 20. Nf3 Nc4 21. Bxc4 Rxc4 22. e5 d5 23. Bg5 Qb6+ 24. Be3 Qe6 25. Nxd5 Qxd5 26. Qxd5 Bxd5 27. Rxd5 Nc7 28. Rd6 Re4 29. Bd4 Re8 30. Ng5 R4xe5 31. Bxe5 Bxe5 32. Rc6 f6 33. Ne4 Nd5 34. Rd1 Ne3 35. Re1 Nd5 36. Nxf6+ Nxf6 37. Rxf6 Bh2+ 38. Kxh2 Rxe1 39. Rxg6+ Kf7 40. Rxa6 Re2 41. b4 Rc2 42. Rc6 Ra2 43. Rc5 Rxa3 44. Rxh5 Rxc3 45. Rxb5 1-0

[Event "SVK-chT1E 1819"]
[Site "Slovakia"]
[Date "2018.10.27"]
[Round "1.3"]
[White "Mrva, Vladimir"]
[Black "Goban, Marek"]
[Result "1/2-1/2"]
[WhiteElo "2079"]
[BlackElo "2095"]
[PlyCount "76"]
[EventDate "2018.10.27"]
[EventType "team-tourn"]
[EventRounds "11"]
[EventCountry "SVK"]
[SourceTitle "CBM 187 Extra"]
[Source "ChessBase"]
[SourceDate "2018.11.04"]
[SourceVersion "1"]
[SourceVersionDate "2018.11.04"]
[SourceQuality "1"]
[WhiteTeam "Michalovce Zemplin"]
[BlackTeam "Sabinov"]
[WhiteTeamCountry "SVK"]
[BlackTeamCountry "SVK"]

1. e4 g6 2. d4 Bg7 3. Nf3 d6 4. Be2 a6 5. a4 b6 6. c4 c5 7. d5 a5 8. 0-0 Qc7 9. Ne1 Nf6 10. Nc3 Ba6 11. f4 Nbd7 12. Ra3 0-0-0 13. Rb3 Kb7 14. Bd3 Ka8 15. Nc2 Ne8 16. Bd2 Rb8 17. Na3 Qd8 18. Ne2 Nc7 19. Bc3 Rg8 20. Bxg7 Rxg7 21. Qe1 e5 22. f5 f6 23. fxg6 hxg6 24. Bc2 Qe7 25. Rh3 Rh7 26. Rxh7 Qxh7 27. Rf3 Rh8 28. Rh3 Qg7 29. Qg3 Rxh3 30. Qxh3 Nf8 31. Nc3 Kb8 32. Bd1 Bc8 33. Bg4 Bxg4 34. Qxg4 Qh6 35. Qe2 Qc1+ 36. Kf2 Qf4+ 37. Kg1 Qc1+ 38. Kf2 Qf4+ 1/2-1/2

[Event "SVK-chT1E 1718"]
[Site "Slovakia"]
[Date "2018.03.11"]
[Round "11.3"]
[White "Goban, Marek"]
[Black "Balazs, Ladislav"]
[Result "1/2-1/2"]
[WhiteElo "2087"]
[BlackElo "2130"]
[PlyCount "65"]
[EventDate "2017.10.21"]
[EventType "team-tourn"]
[EventRounds "11"]
[EventCountry "SVK"]
[SourceTitle "EXT 2019"]
[Source "ChessBase"]
[SourceDate "2018.10.10"]
[SourceVersion "1"]
[SourceVersionDate "2018.10.10"]
[SourceQuality "1"]
[WhiteTeam "Sabinov"]
[BlackTeam "Jelsava Magnezit"]
[WhiteTeamCountry "SVK"]
[BlackTeamCountry "SVK"]

1. c4 e5 2. Nc3 Nf6 3. g3 Bb4 4. Bg2 0-0 5. a3 Bxc3 6. dxc3 d6 7. Nf3 Nc6 8. 0-0 Be6 9. b3 h6 10. h3 a5 11. a4 Qd7 12. Kh2 Nh7 13. e4 f5 14. exf5 Bxf5 15. Nh4 Be6 16. Bd5 Bxd5 17. cxd5 Ne7 18. Qd3 Nf6 19. c4 c6 20. dxc6 bxc6 21. Ng6 e4 22. Nxe7+ Qxe7 23. Re1 exd3 24. Rxe7 Rae8 25. Rxe8 Rxe8 26. Be3 Rb8 27. Rb1 d5 28. cxd5 Nxd5 29. Bd2 Nb4 30. Rd1 Nd5 31. Rb1 Nb4 32. Rd1 Nd5 33. Rb1 1/2-1/2

[Event "SVK-chT2D 1617"]
[Site "Slovakia"]
[Date "2017.02.12"]
[Round "9.2"]
[White "Hlinka, Vasil"]
[Black "Goban, Marek"]
[Result "1/2-1/2"]
[WhiteElo "2080"]
[BlackElo "2055"]
[PlyCount "59"]
[EventDate "2016.10.08"]
[EventType "team-tourn"]
[EventRounds "11"]
[EventCountry "SVK"]
[SourceTitle "EXT 2018"]
[Source "ChessBase"]
[SourceDate "2017.10.13"]
[SourceVersion "1"]
[SourceVersionDate "2017.10.13"]
[SourceQuality "1"]
[WhiteTeam "Kosice Slavia TU IV"]
[BlackTeam "Sabinov II"]
[WhiteTeamCountry "SVK"]
[BlackTeamCountry "SVK"]

1. d4 d6 2. Bf4 g6 3. e3 Bg7 4. Nf3 Nf6 5. h3 0-0 6. Be2 c5 7. c3 Nbd7 8. 0-0 b6 9. Nbd2 Bb7 10. a4 Re8 11. Bh2 a6 12. Qb3 d5 13. Qa3 Ne4 14. Nxe4 dxe4 15. Nd2 e5 16. Nc4 Bd5 17. dxe5 Bxc4 18. Bxc4 Bxe5 19. Rfd1 Bxh2+ 20. Kxh2 Qc7+ 21. Kg1 Ne5 22. Bd5 Rad8 23. c4 Nc6 24. Rd2 Nb4 25. Rad1 a5 26. Qc3 Qe7 27. g3 Rb8 28. h4 Qe5 29. Kg2 Kg7 30. g4 1/2-1/2

[Event "SVK-chT 1617"]
[Site "Slovakia"]
[Date "2016.12.17"]
[Round "3.1"]
[White "Krak, Tomas"]
[Black "Goban, Marek"]
[Result "1-0"]
[WhiteElo "2307"]
[BlackElo "2078"]
[PlyCount "89"]
[EventDate "2016.10.22"]
[EventType "team-tourn"]
[EventRounds "11"]
[EventCountry "SVK"]
[SourceTitle "CBM 177 Extra"]
[Source "ChessBase"]
[SourceDate "2017.04.27"]
[SourceVersion "1"]
[SourceVersionDate "2017.04.27"]
[SourceQuality "1"]
[WhiteTeam "Humenne Reinter"]
[BlackTeam "Sabinov"]
[WhiteTeamCountry "SVK"]
[BlackTeamCountry "SVK"]

1. c4 Nf6 2. Nc3 c5 3. Nf3 Nc6 4. e3 g6 5. d4 cxd4 6. exd4 d6 7. d5 Nb8 8. Be2 Bg7 9. 0-0 Bg4 10. Be3 Nbd7 11. Rc1 0-0 12. h3 Bxf3 13. Bxf3 Qa5 14. Be2 Rfc8 15. Rb1 Qd8 16. Qd2 Nc5 17. Bf3 Qd7 18. Rfe1 Na4 19. Ne2 Nb6 20. b3 Qd8 21. Nd4 a6 22. g3 Nbd7 23. Bg2 Qf8 24. Rbc1 Rc7 25. g4 Rac8 26. a4 Nc5 27. a5 Ne8 28. Rb1 Nd7 29. f4 Nef6 30. Bf3 h6 31. Re2 Nc5 32. f5 g5 33. Rg2 Ncd7 34. h4 Nh7 35. Rf1 Bf6 36. Bd1 Ne5 37. Ne2 Nd7 38. Ng3 Nc5 39. Bc2 gxh4 40. Bxh6 Bd4+ 41. Kh1 Bg7 42. Bxg7 Qxg7 43. f6 exf6 44. Nh5 Qf8 45. Bxh7+ 1-0

[Event "SVK-chT 1617"]
[Site "Slovakia"]
[Date "2016.10.23"]
[Round "2.3"]
[White "Goban, Marek"]
[Black "Petran, Peter"]
[Result "1/2-1/2"]
[WhiteElo "2078"]
[BlackElo "2306"]
[PlyCount "95"]
[EventDate "2016.10.22"]
[EventType "team-tourn"]
[EventRounds "11"]
[EventCountry "SVK"]
[SourceTitle "CBM 175 Extra"]
[Source "ChessBase"]
[SourceDate "2016.12.12"]
[SourceVersion "1"]
[SourceVersionDate "2016.12.12"]
[SourceQuality "1"]
[WhiteTeam "Sabinov"]
[BlackTeam "Bratislava Slovan"]
[WhiteTeamCountry "SVK"]
[BlackTeamCountry "SVK"]

1. Nf3 g6 2. c4 Bg7 3. Nc3 c5 4. g3 Nc6 5. Bg2 d6 6. 0-0 Rb8 7. d3 e6 8. Bd2 Nge7 9. Rb1 a6 10. Qc1 b5 11. Bh6 0-0 12. Bxg7 Kxg7 13. Rd1 b4 14. Ne4 f5 15. Ned2 e5 16. Nf1 h6 17. Ne3 Bb7 18. Nd5 Nxd5 19. cxd5 Ne7 20. e4 Bc8 21. h3 fxe4 22. dxe4 Bxh3 23. Bxh3 Rxf3 24. Bg4 Rf6 25. f4 Qb6 26. Qe3 exf4 27. gxf4 c4 28. Qxb6 Rxb6 29. Rf1 g5 30. fxg5 hxg5 31. Rbc1 Rxf1+ 32. Kxf1 Kf6 33. Rxc4 Rb7 34. Kf2 a5 35. Ke3 Ke5 36. Rc1 Ng6 37. Rc8 Kf6 38. Rd8 Rb6 39. Ra8 Rb7 40. Rxa5 Ne5 41. Be2 Rh7 42. Ra6 Rh3+ 43. Kd4 Ke7 44. Ra7+ Kd8 45. Ra8+ Kc7 46. Ra7+ Kd8 47. Ra8+ Kc7 48. Ra7+ 1/2-1/2

[Event "SVK-chT2D 1617"]
[Site "Slovakia"]
[Date "2016.10.08"]
[Round "1.2"]
[White "Ackerman, Ernest"]
[Black "Goban, Marek"]
[Result "1/2-1/2"]
[WhiteElo "2074"]
[BlackElo "2055"]
[PlyCount "29"]
[EventDate "2016.10.08"]
[EventType "team-tourn"]
[EventRounds "11"]
[EventCountry "SVK"]
[SourceTitle "EXT 2018"]
[Source "ChessBase"]
[SourceDate "2017.10.13"]
[SourceVersion "1"]
[SourceVersionDate "2017.10.13"]
[SourceQuality "1"]
[WhiteTeam "Kosice Dynamo"]
[BlackTeam "Sabinov II"]
[WhiteTeamCountry "SVK"]
[BlackTeamCountry "SVK"]

1. c4 Nf6 2. Nc3 c5 3. Nf3 Nc6 4. g3 g6 5. Bg2 Bg7 6. 0-0 0-0 7. d3 d6 8. a3 h6 9. Rb1 Rb8 10. b4 e5 11. b5 Ne7 12. Qa4 Be6 13. Bd2 Qd7 14. Qc2 Nh5 15. e3 1/2-1/2